| 000 | 00808nam a2200229 a 4500 | ||
|---|---|---|---|
| 001 | 56031 | ||
| 003 | BD-RjUL | ||
| 005 | 20211209080338.0 | ||
| 008 | 161124s1968 bg ||||| |||| 00| 0 ben d | ||
| 020 | _c: TK 2.25 | ||
| 035 | _a(BD-RjUL)56155 | ||
| 040 |
_aBD-RjUL _bben _cBD-RjUL |
||
| 041 | _aben | ||
| 082 |
_223 _a891.442 _bULT 1968 |
||
| 100 |
_aউল্লাহ, সৈয়দ ওয়ালী _9166794 |
||
| 245 | 1 | 0 |
_aতরঙ্গ ভঙ্গ / _cসৈয়দ ওয়ালী উল্লাহ |
| 260 |
_aঢাকা : _bনওরোজ কিতাবিস্তান, _c১৯৬৮ [১৩৭৫] |
||
| 300 |
_a৮৮ পৃ. ; _c২১ সেমি . |
||
| 650 |
_aবাংলা নাটক _9166795 |
||
| 650 |
_aBengali Drama _9166796 |
||
| 942 |
_2ddc _cBK |
||
| 999 |
_c56031 _d56031 |
||